LEADER 01491nam a2200337 u 4500 001 000000090280 003 CaOOAMICUS 005 20070226124715.0 008 051212s1976 it u000 u ita u 020 $a88-399-2263-6 035 $a11072005 040 $aPUL$bita 041 0 $aita$hger 100 0 $aBenedictus PP.$bXVI,$d1927-2022.$0(OLS)http://pul/name/14991 240 10$aGott Jesu Christi. Betrachtungen über den Dreieinigen Gott.$lItaliano.$0(OLS)http://pul/title/116611 245 13$aIl Dio di Gesù Cristo :$bmeditazioni sul Dio uno e trino /$cJoseph Ratzinger. 260 $aBrescia :$bQueriniana,$cc1976. 300 $a131 p. ;$c20 cm 490 1 $aMeditazioni (Queriniana) ;$v183 650 4$aMeditazioni.$0(OLS)http://pul/subject/581 830 0$aMeditazioni (Queriniana) ;$v183.$0(OLS)http://pul/title/45180 850 $aPUL 852 $aPUL$W1$xSL Religione 3$y85$m242 RATJO 2$j113962$nBK-PRI$b $qDDC 21$B113962$CPULBib$Z2$F113962 $HPUL100119 $81 900 $aRatzinger, Joseph,$ccard.,$d1927-2022$914991 900 $aBenedetto XVI,$cpapa,$d1927-$914991 910 $aPapi (2005-2013 : Benedictus PP. XVI)$914991 910 $aPapi (2005-2013 : Benedictus PP. XVI)$914991 941 1 $a9 996 $6020$a88-399-2263-6$9(OLS)http://pul/number/118404 996 $6245$aIl Dio di Gesù Cristo :$bmeditazioni sul Dio uno e trino$9(OLS)http://pul/title/116612 996 $6260$aBrescia :$bQueriniana$9(OLS)http://pul/publisher/47906 LEADER 01900nam a2200349 a 4500 001 000000079883 003 CaOOAMICUS 005 20150622171511.0 008 040616s1983 gw u000 u lat r 035 $a10999716 040 $aPUL$bita 041 0 $alat$ager 100 0 $aTheodoricus Teutonicus,$cO.P., maestro di Freiberg (Sassonia),$df. 1300.$0(OLS)http://pul/name/51521 240 10$aGruppi scelte$9(Theodoricus Teutonicus, O.P., Maestro di Freiberg (Sassonia), f. 1300).$0(OLS)http://pul/title/104636 245 10$aSchriften zur Naturphilosophie und Metaphysik /$cDietrich von Freiberg ; mit einer Einleitung von Kurt Flasch ; hrsg. von Jean-Daniel Cavigioli ... [et al.]. 260 $aHamburg :$bMeiner,$c1983. 300 $axcvi, 399 p. ;$c24 cm 490 1 $aDietrich von Freiberg opera omnia ;$v3 490 1 $aCorpus philosophorum Teutonicorum medii aevi ;$v2.3 500 $aContiene indice. 504 $aBibliografia in nota. 650 4$aFilosofia della natura.$0(OLS)http://pul/subject/8566 650 4$aTeologia.$0(OLS)http://pul/subject/118 700 1 $aCavigioli, Jean-Daniel.$0(OLS)http://pul/name/41478 700 1 $aFlasch, Kurt.$0(OLS)http://pul/name/3852 800 0 $aTheodoricus Teutonicus,$cO.P., maestro di Freiberg (Sassonia),$df. 1300.$tOpere$9(Theodoricus Teutonicus, O.P., Maestro di Freiberg (Sassonia), f. 1300) ;$v3.$0(OLS)http://pul/nameTitle/228$0(OLS)http://pul/name/53235$0(OLS)http://pul/title/104638 830 0$aCorpus philosophorum Teutonicorum medii aevi ;$v2.3.$0(OLS)http://pul/title/718 850 $aPUL 852 $aPUL$W1$xDP2 Filosofia 3$y112$m189 COLL 1.3$j102123$nBK-PRI$qDDC 21$B102123$CPULBib$Z2$F102123 $H91922 $82 941 1 $a9 996 $6245$aSchriften zur Naturphilosophie und Metaphysik$9(OLS)http://pul/title/104639 996 $6260$aHamburg :$bMeiner$9(OLS)http://pul/publisher/48261